000 00482nam a22001937a 4500
999 _c31888
_d31888
003 OSt
005 20250422115504.0
008 250422b ||||| |||| 00| 0 eng d
020 _cRs 300.00
040 _cimukc
041 _aeng
082 _a510
_bS5313
100 _95843
_aSharma, R. D.
_cDr.
245 _aMathematics : class XI /
260 _aNew Delhi :
_bDhanpat Rai Publications (P) Ltd.,
_c2012.
300 _a33.72 p.
650 0 _931
_aMathematics
942 _2ddc
_cBK